| 000 | 01233cac a22002771u 4500 | ||
|---|---|---|---|
| 090 | _c5523 | ||
| 008 | 081119t 1990xxu||||| |||| 00| 0 eng d | ||
| 010 | _a 89080927 | ||
| 020 | _a039543324X | ||
| 082 | 0 | 0 |
_a650.01513 _bCIS |
| 100 | _aCissell, Robert. | ||
| 245 | 1 | 0 |
_aMathematics of finance / _cRobert Cissell, Helen Cissell, David C. Flaspohler. |
| 250 | _a8th ed. | ||
| 260 |
_aBoston : _bHoughton Mifflin Co.,1990 _cc1990. |
||
| 260 |
_aBoston : _bdistributer: Al-Ahram _cc1990. |
||
| 300 |
_axviii, 611, 109 p. : _bill. ; _c25 cm. |
||
| 500 | _aIncludes indexes. | ||
| 511 | _acatalogued by: wessam | ||
| 650 | 0 | _aBusiness mathematics. | |
| 700 | 1 | _aCissell, Helen. | |
| 700 | 1 | _aFlaspohler, David C. | |
| 942 |
_cNB _k650.01513CIS _2ddc |
||
| 999 |
_c5523 _d5523 |
||